| 000 | 03270cam a2200445 a 4500 | ||
|---|---|---|---|
| 001 | 14775081 | ||
| 005 | 20070724143803.0 | ||
| 008 | 070320s2005 enka b 001 0 eng d | ||
| 010 | _a 2007272858 | ||
| 020 | _a0521691648 | ||
| 035 | _a(OCoLC)ocm65526233 | ||
| 040 |
_aEQO _cEQO _dDBI _dYDXCP _dIXA _dBAKER _dDLC |
||
| 042 | _alccopycat | ||
| 043 | _ae-uk--- | ||
| 050 | 0 | 0 |
_aJZ6385 _b.F67 2005 |
| 082 | 0 | 0 |
_a327.117 _222 _bFOR |
| 245 | 0 | 0 |
_aForce and Legitimacy in World Politics / _cedited by David Armstrong, Theo Farrell and Bice Maiguashca |
| 260 |
_aCambridge, UK : _bCambridge University Press, _c2005. |
||
| 300 |
_aiv, 266 p. : _bill. ; _c25 cm. |
||
| 504 | _aIncludes bibliographical references and index. | ||
| 505 | 0 | _aIntroduction / David Armstrong and Theo Farrell -- Legitimacy and the use of force : can the circle be squared? / Andrew Hurrell -- Legality and legitimacy : the quest for principled flexibility and restraint / Richard Falk -- Not yet havoc : geopolitical change and the international rules on military force / Michael Byers -- Liberal hierarchy and the licence to use force / Christian Reus-Smit -- The age of liberal wars / Lawrence Freedman -- Force, legitimacy, success and Iraq / John Mueller -- War and international relations : a military historical perspective on force and legitimacy / Jeremy Black -- The judgement of war : on the idea of legitimate force in world politics / Nicholas Rengger -- Discourses of difference : civilians, combatants and compliance with the laws of war / Helen M. Kinsella -- Fights about rules : the role of efficacy and power in changing multilateralism / Martha Finnemore -- Peacekeeping and enforcement action in Africa : the role of Europe and the obligations of multilateralism / Christine Gray -- Identity, legitimacy and the use of military force : Russia's Great Power identities and military intervention in Abkhazia / Ted Hopf -- Dead or alive : American vengeance goes global / Michael Sherry. | |
| 580 | _aSpecial issue of Review of international studies, v.31, December 2005. | ||
| 650 | 0 |
_aIntervention (International law) _99318 |
|
| 650 | 0 |
_aSecurity, International. _99319 |
|
| 650 | 0 |
_aIraq War, 2003- _xMoral and ethical aspects. _99320 |
|
| 650 | 0 |
_aInternational relations. _99321 |
|
| 650 | 0 |
_aWorld politics. _99322 |
|
| 650 | 0 |
_aInternational organization. _99323 |
|
| 700 | 1 |
_aArmstrong, J. D. _q(James David), _d1945- _99324 |
|
| 700 | 1 |
_aFarrell, Theo, _d1967- _99325 |
|
| 700 | 1 |
_aMaiguashca, Bice, _d1965- _99326 |
|
| 730 | 0 |
_aReview of international studies. _99327 |
|
| 772 | 1 | 8 |
_tReview of international studies _x0260-2105 _w(UkOxU)10749902 |
| 856 | 4 | 2 |
_3Publisher description _uhttp://www.loc.gov/catdir/enhancements/fy0710/2007272858-d.html |
| 856 | 4 | 1 |
_3Table of contents only _uhttp://www.loc.gov/catdir/enhancements/fy0710/2007272858-t.html |
| 856 | 4 | 2 |
_3Contributor biographical information _uhttp://www.loc.gov/catdir/enhancements/fy0732/2007272858-b.html |
| 942 |
_2ddc _cBB |
||
| 999 |
_c12900 _d12900 |
||